[Event "Winnipeg TNT January op"]
[Site "Winnipeg"]
[Date "2019.01.22"]
[Round "3.6"]
[White "Goodman, Clifford"]
[Black "MacPherson, Al"]
[Result "0-1"]
[WhiteElo "1642"]
[BlackElo "1680"]
[PlyCount "68"]
[EventDate "2019.01.08"]
[EventType "swiss"]
[EventRounds "4"]
[EventCountry "CAN"]
[SourceTitle "EXT 2022"]
[Source "ChessBase"]
[SourceDate "2021.10.06"]
[SourceVersion "1"]
[SourceVersionDate "2021.10.06"]
[SourceQuality "1"]

1. d4 d5 2. c4 e6 3. Nf3 Nf6 4. Nc3 c5 5. cxd5 exd5 6. Bf4 a6 7. e3 Be6 8. Bd3 Be7 9. 0-0 0-0 10. Qc2 Nc6 11. a3 Rc8 12. dxc5 Bxc5 13. Ng5 h6 14. Nh7 Nxh7 15. Bxh7+ Kh8 16. Bf5 Ba7 17. Bxe6 fxe6 18. Qg6 Qf6 19. Qxf6 Rxf6 20. Rac1 Na5 21. Be5 Rf7 22. Ne2 Rxc1 23. Rxc1 Nc4 24. Bc3 Nxe3 25. Bd4 Bxd4 26. Nxd4 Nc4 27. Nxe6 Rf6 28. b3 Rxe6 29. bxc4 dxc4 30. g3 b5 31. a4 Rc6 32. Rb1 Rb6 33. a5 Rb7 34. Rb4 c3 0-1

[Event "Winnipeg TNT January op"]
[Site "Winnipeg"]
[Date "2018.01.16"]
[Round "2"]
[White "Wolchock, Theo"]
[Black "Goodman, Clifford"]
[Result "1-0"]
[WhiteElo "2034"]
[BlackElo "1670"]
[PlyCount "49"]
[EventDate "2018.01.09"]
[EventType "swiss"]
[EventRounds "4"]
[EventCountry "CAN"]
[SourceTitle "EXT 2022"]
[Source "ChessBase"]
[SourceDate "2021.10.06"]
[SourceVersion "1"]
[SourceVersionDate "2021.10.06"]
[SourceQuality "1"]

1. c4 c5 2. g3 d5 3. cxd5 Qxd5 4. Nf3 Nf6 5. Nc3 Qd8 6. Bg2 g6 7. 0-0 Bg7 8. d4 cxd4 9. Nxd4 0-0 10. e3 a6 11. b3 Qc7 12. Bb2 Rd8 13. Qc2 Bd7 14. Rac1 Bc6 15. Nce2 e5 16. Nxc6 Nxc6 17. Rfd1 Ne8 18. Nc3 Nb4 19. Qe4 Nc6 20. Nd5 Qa5 21. Qb1 Nc7 22. Bc3 Qc5 23. Nxc7 Rxd1+ 24. Rxd1 Qxc3 25. Nxa8 1-0

[Event "Winnipeg op"]
[Site "Winnipeg"]
[Date "2017.06.20"]
[Round "3"]
[White "Goodman, Clifford"]
[Black "Khedkar, Jay S"]
[Result "0-1"]
[WhiteElo "1667"]
[BlackElo "2027"]
[PlyCount "59"]
[EventDate "2017.06.06"]
[EventType "swiss"]
[EventRounds "8"]
[EventCountry "CAN"]
[SourceTitle "EXT 2022"]
[Source "ChessBase"]
[SourceDate "2021.10.06"]
[SourceVersion "1"]
[SourceVersionDate "2021.10.06"]
[SourceQuality "1"]

1. d4 Nf6 2. c4 e6 3. Nf3 b6 4. g3 Bb7 5. Bg2 d5 6. 0-0 Be7 7. Qc2 0-0 8. a4 Nc6 9. Bd2 Ne4 10. cxd5 exd5 11. Rc1 Bd6 12. b4 Nxd2 13. Nfxd2 Nxd4 14. Qd3 Be5 15. Nc3 c5 16. bxc5 bxc5 17. Rab1 Bc6 18. e3 c4 19. Qf1 Nb3 20. Nxb3 cxb3 21. Rxb3 Qa5 22. Nb5 Qxa4 23. Rcb1 Rad8 24. Ra3 Bxb5 25. Rxa4 Bxf1 26. Bxf1 d4 27. exd4 Bxd4 28. Rb7 Bb6 29. Bc4 Rd2 30. Bxf7+ 0-1

[Event "Winnipeg TNT April op"]
[Site "Winnipeg"]
[Date "2017.04.18"]
[Round "3"]
[White "Letain, Cory"]
[Black "Goodman, Clifford"]
[Result "1/2-1/2"]
[WhiteElo "1699"]
[BlackElo "1602"]
[PlyCount "115"]
[EventDate "2017.04.04"]
[EventType "swiss"]
[EventRounds "4"]
[EventCountry "CAN"]
[SourceTitle "EXT 2022"]
[Source "ChessBase"]
[SourceDate "2021.10.06"]
[SourceVersion "1"]
[SourceVersionDate "2021.10.06"]
[SourceQuality "1"]

1. e4 c5 2. d4 cxd4 3. c3 dxc3 4. Nxc3 e6 5. Bc4 Bb4 6. Bd2 Ne7 7. Nge2 0-0 8. 0-0 Nbc6 9. a3 Ba5 10. f4 Bb6+ 11. Kh1 d5 12. exd5 exd5 13. Bd3 Bf5 14. Qc2 Bxd3 15. Qxd3 Qd7 16. Rf3 Qf5 17. Qxf5 Nxf5 18. Nxd5 Rad8 19. Nec3 Bd4 20. Be3 Bxc3 21. Nxc3 Nxe3 22. Rxe3 Rfe8 23. Rae1 Kf8 24. Kg1 Rxe3 25. Rxe3 Re8 26. Kf2 Rxe3 27. Kxe3 Ke7 28. g4 Ke6 29. Ne4 Na5 30. Kd3 h6 31. b4 Nc6 32. Nc5+ Kd5 33. Nxb7 g5 34. Ke3 Kc4 35. Nd6+ Kb3 36. Nxf7 gxf4+ 37. Kxf4 Kxa3 38. Nxh6 Kxb4 39. Nf5 a5 40. g5 a4 41. g6 a3 42. g7 a2 43. g8Q a1Q 44. Qf8+ Kb5 45. Nd6+ Kb6 46. Nc4+ Kb5 47. Na3+ Kb6 48. Nc4+ Kb5 49. Ne3 Qd4+ 50. Kf3 Ne5+ 51. Ke2 Qd3+ 52. Kf2 Qd2+ 53. Kf1 Qxe3 54. Qb8+ Kc4 55. Qc7+ Kd4 56. Qb6+ Ke4 57. Qxe3+ Kxe3 58. Kg2 1/2-1/2

[Event "Yanofsky Memorial op"]
[Site "Winnipeg"]
[Date "2009.09.05"]
[Round "2"]
[White "Goodman, Clifford"]
[Black "Einarsson, Ken"]
[Result "1-0"]
[WhiteElo "1671"]
[BlackElo "1800"]
[PlyCount "83"]
[EventDate "2009.09.04"]
[EventType "swiss"]
[EventRounds "5"]
[EventCountry "CAN"]
[SourceTitle "EXT 2011"]
[Source "ChessBase"]
[SourceDate "2010.11.26"]
[SourceVersion "1"]
[SourceVersionDate "2010.11.26"]
[SourceQuality "1"]

1. Nf3 d5 2. d4 Nc6 3. c4 Bg4 4. cxd5 Qxd5 5. Nc3 Qd7 6. d5 Bxf3 7. exf3 Nb4 8. a3 Nxd5 9. Qxd5 Qxd5 10. Nxd5 0-0-0 11. Nc3 e5 12. Bc4 Nf6 13. 0-0 Bd6 14. Ne4 Be7 15. Bxf7 Rhf8 16. Be6+ Kb8 17. Nxf6 Bxf6 18. Rb1 Rd6 19. Bb3 Be7 20. Be3 b6 21. Rfd1 Rxd1+ 22. Rxd1 Bd6 23. Bc2 h6 24. Be4 a5 25. b4 axb4 26. axb4 Bxb4 27. Ra1 Ba5 28. Bd2 Rd8 29. Bxa5 bxa5 30. g4 Ka7 31. Rxa5+ Kb6 32. Rxe5 c5 33. Re6+ Kb5 34. Rc6 c4 35. Rc7 g5 36. Kg2 Kb4 37. Rc6 Rh8 38. Kg3 h5 39. Rg6 h4+ 40. Kh3 c3 41. Rxg5 Re8 42. Rg7 1-0

[Event "Canadian op"]
[Site "Edmonton"]
[Date "2009.07.18"]
[Round "8"]
[White "Goodman, Clifford"]
[Black "Longson, Stan"]
[Result "1-0"]
[WhiteElo "1630"]
[BlackElo "1400"]
[PlyCount "59"]
[EventDate "2009.07.11"]
[EventType "swiss"]
[EventRounds "9"]
[EventCountry "CAN"]
[SourceTitle "CBM 132 Extra"]
[Source "ChessBase"]
[SourceDate "2009.11.03"]
[SourceVersion "1"]
[SourceVersionDate "2009.11.03"]
[SourceQuality "1"]

1. c4 e6 2. d4 c5 3. Nf3 Nf6 4. g3 Be7 5. Bg2 0-0 6. 0-0 h6 7. Nc3 cxd4 8. Nxd4 Nc6 9. Nxc6 dxc6 10. e4 Rb8 11. Qxd8 Rxd8 12. Bf4 Ra8 13. a3 Bd7 14. Rfd1 Be8 15. h3 Rxd1+ 16. Rxd1 Rd8 17. Rxd8 Bxd8 18. g4 Nh7 19. Be3 a6 20. c5 Bf6 21. Na4 Nf8 22. f4 Nd7 23. e5 Be7 24. b4 g5 25. Nc3 f6 26. exf6 Bxf6 27. Ne4 Be7 28. fxg5 hxg5 29. Nxg5 e5 30. Ne4 1-0

[Event "Canadian op"]
[Site "Edmonton"]
[Date "2009.07.16"]
[Round "6.55"]
[White "Goodman, Clifford"]
[Black "Newton, Geoff"]
[Result "0-1"]
[WhiteElo "1630"]
[BlackElo "1953"]
[PlyCount "68"]
[EventDate "2009.07.11"]
[EventType "swiss"]
[EventRounds "9"]
[EventCountry "CAN"]
[SourceTitle "EXT 2022"]
[Source "ChessBase"]
[SourceDate "2021.10.06"]
[SourceVersion "1"]
[SourceVersionDate "2021.10.06"]
[SourceQuality "1"]

1. Nf3 d5 2. c4 c6 3. g3 Nf6 4. Bg2 e6 5. 0-0 Be7 6. b3 Qb6 7. cxd5 exd5 8. Bb2 0-0 9. d3 Re8 10. Nbd2 Bf5 11. Rc1 Nbd7 12. Ne5 Nxe5 13. Bxe5 Ba3 14. Bxf6 Bxc1 15. Qxc1 gxf6 16. e4 dxe4 17. dxe4 Bg6 18. Nc4 Qc5 19. Qf4 b5 20. Nd6 Re6 21. Nf5 Bxf5 22. exf5 Re5 23. Rc1 Qd6 24. h4 Rae8 25. Rxc6 Re1+ 26. Kh2 Qxf4 27. gxf4 R1e2 28. Kg3 Rxa2 29. Bd5 Rd8 30. Bf3 Rd3 31. h5 h6 32. Rxf6 Rxb3 33. Kg4 Kg7 34. Bd5 Kxf6 0-1

[Event "Winnipeg ThankGibbons op-A"]
[Site "Winnipeg"]
[Date "2008.10.26"]
[Round "4"]
[White "Goodman, Clifford"]
[Black "Kong, Dezheng"]
[Result "1/2-1/2"]
[WhiteElo "1643"]
[BlackElo "1869"]
[PlyCount "92"]
[EventDate "2008.10.24"]
[EventType "tourn"]
[EventRounds "5"]
[EventCountry "CAN"]
[SourceTitle "EXT 2011"]
[Source "ChessBase"]
[SourceDate "2010.11.26"]
[SourceVersion "1"]
[SourceVersionDate "2010.11.26"]
[SourceQuality "1"]

1. f4 d5 2. Nf3 Nc6 3. e3 Nf6 4. Bb5 Bd7 5. b3 e6 6. Bb2 Be7 7. 0-0 0-0 8. d3 a6 9. Bxc6 Bxc6 10. Ne5 Bc5 11. d4 Bd6 12. Nd2 Qe7 13. g4 Bxe5 14. dxe5 Ne4 15. Nxe4 dxe4 16. g5 g6 17. h4 Rad8 18. Qe2 Rd7 19. Rad1 Rfd8 20. h5 Bb5 21. c4 Bc6 22. hxg6 fxg6 23. Bd4 b6 24. Rd2 Bb7 25. Rfd1 Bc8 26. Bc3 Rxd2 27. Rxd2 Rd7 28. Rxd7 Qxd7 29. Qd2 Qd3 30. Qxd3 exd3 31. Kf1 Bb7 32. Kf2 Be4 33. Bd2 Kf7 34. Bb4 Ke8 35. a3 Kd7 36. Ke1 c5 37. Bc3 Kc6 38. a4 a5 39. Kd2 Kd7 40. Ke1 Ke7 41. Bd2 Kf7 42. Kf2 Kg7 43. Kg3 h6 44. gxh6+ Kxh6 45. Kf2 Kh5 46. Kg3 Bf5 1/2-1/2

[Event "Winnipeg TNT August op"]
[Site "Winnipeg"]
[Date "2008.08.19"]
[Round "3"]
[White "Goodman, Clifford"]
[Black "Mandusic, Ante"]
[Result "1-0"]
[WhiteElo "1654"]
[BlackElo "1301"]
[PlyCount "109"]
[EventDate "2008.08.05"]
[EventType "swiss"]
[EventRounds "4"]
[EventCountry "CAN"]
[SourceTitle "EXT 2011"]
[Source "ChessBase"]
[SourceDate "2010.11.26"]
[SourceVersion "1"]
[SourceVersionDate "2010.11.26"]
[SourceQuality "1"]

1. f4 d5 2. b3 Nf6 3. Bb2 Nbd7 4. Nf3 g6 5. e3 Bg7 6. Be2 0-0 7. 0-0 b6 8. Bb5 a6 9. Bxd7 Bxd7 10. Ne5 Bf5 11. d3 c5 12. Nd2 a5 13. Rb1 Qd6 14. g4 Be6 15. g5 Nd7 16. Nxd7 Qxd7 17. Bxg7 Kxg7 18. Qe1 h5 19. gxh6+ Kh7 20. Nf3 f6 21. Rd1 Bh3 22. Rf2 Qg4+ 23. Kh1 Rg8 24. Qg1 Qh5 25. Qg3 Bg4 26. Rg1 f5 27. Ne5 Bh3 28. Qg5 Rae8 29. Nf7 Bg4 30. Qxh5 gxh5 31. Ng5+ Kg6 32. h3 Bxh3 33. Nxh3+ Kxh6 34. Rxg8 Rxg8 35. Rg2 Rf8 36. Rg5 e6 37. Kg2 e5 38. Kg3 Kh7 39. Rxh5+ Kg7 40. Ng5 Kf6 41. Nh7+ Ke7 42. Nxf8 Kxf8 43. Rh7 Kg8 44. Rb7 exf4+ 45. Kxf4 d4 46. exd4 cxd4 47. Kxf5 a4 48. Kg6 Kf8 49. b4 a3 50. b5 Ke8 51. Kf6 Kd8 52. Ke6 Kc8 53. Rg7 Kd8 54. Rh7 Ke8 55. Rh8# 1-0

[Event "Albert Boxer Classic op"]
[Site "Winnipeg"]
[Date "2008.05.24"]
[Round "2"]
[White "Goodman, Clifford"]
[Black "Rutter, Blair A"]
[Result "1-0"]
[WhiteElo "1595"]
[BlackElo "1873"]
[PlyCount "151"]
[EventDate "2008.05.23"]
[EventType "swiss"]
[EventRounds "5"]
[EventCountry "CAN"]
[SourceTitle "EXT 2011"]
[Source "ChessBase"]
[SourceDate "2010.11.26"]
[SourceVersion "1"]
[SourceVersionDate "2010.11.26"]
[SourceQuality "1"]

1. Nf3 d5 2. c4 d4 3. d3 c5 4. g3 Nc6 5. Bg2 e5 6. 0-0 Be7 7. e4 Nf6 8. Bg5 0-0 9. Na3 Bg4 10. Qd2 Qd7 11. Nc2 h6 12. Bxf6 Bxf6 13. a3 Rab8 14. b4 b6 15. b5 Ne7 16. a4 Ng6 17. a5 Qe7 18. h4 Qd7 19. Kh2 Rfe8 20. axb6 axb6 21. Ra6 Qd8 22. Rfa1 Bxf3 23. Bxf3 Bxh4 24. Bh5 Bg5 25. Qe2 Nf8 26. Ra7 Re7 27. Qf3 g6 28. Bg4 Kg7 29. Ne1 Nh7 30. Qe2 Nf6 31. Bh3 h5 32. Ng2 Qd6 33. R1a6 Rbb7 34. Rxb7 Rxb7 35. Qa2 Bh6 36. Ra7 Rxa7 37. Qxa7 Bd2 38. Nh4 Ng4+ 39. Kg2 Qf6 40. Bxg4 hxg4 41. Qd7 Be1 42. f3 gxf3+ 43. Nxf3 Ba5 44. Qd5 Qe7 45. Qxe5+ Qxe5 46. Nxe5 Kf6 47. Nc6 Ke6 48. Kf3 f5 49. g4 fxe4+ 50. Kxe4 Bd2 51. Ne5 g5 52. Nf3 Bf4 53. Ng1 Be3 54. Ne2 Bd2 55. Ng3 Bf4 56. Nh5 Be3 57. Ng7+ Kf6 58. Ne8+ Ke6 59. Nc7+ Kd6 60. Nd5 Bd2 61. Nxb6 Kc7 62. Nd5+ Kb7 63. Kf5 Bc1 64. Ne7 Kb6 65. Ng6 Ka5 66. Nh8 Kb4 67. Nf7 Kc3 68. Ke4 Bf4 69. b6 Bb8 70. Nxg5 Kb4 71. Nf7 Ka5 72. Ne5 Bd6 73. Nd7 Ka6 74. Kd5 Be7 75. Kc6 Bd8 76. Nxc5+ 1-0